Представление документа в формате RUSMARC

ПолеНазваниеЗначение
  Тип записи a
  Библиографический уровень m
001 Контрольный номер SKBR/1d76a823-8c87-4c71-9b45-9f881ac80c50
005 Дата корректировки 20241126094204.1
010 Индекс ISBN __
a ISBN 978-5-17-154080-7
9 Тираж 3000 экз.
b Уточнения в пер.
d Цена 780-08
035 Другие системные номера __
a Идентификатор записи RU\NLR\BIBL_A\022180812
100 Данные общей обработки __
a Данные общей обработки 20240327d2024 cd y0rusy028902 ca
101 Язык документа 0_
a Язык текста rus
102 Страна публикации __
a Страна публикации RU
105 Кодированные данные (монография) __
a Кодированные данные (монография) ab f 000yy
181 Поле кодированных данных: вид содержания _0
a Код вида содержания (ISBD) i
181 Поле кодированных данных: вид содержания _0
a Код вида содержания (ISBD) b
182 Поле кодированных данных: тип средства _0
a Код типа средства (ISBD) n
200 Заглавие и сведения об ответственности 1_
a Заглавие Кавказ
e Сведения, относящиеся к заглавию карты, задания, фотографии, факты, справки, маршруты
e Сведения, относящиеся к заглавию [все о Северном Кавказе
e Сведения, относящиеся к заглавию Дагестан, Чечня, Ингушетия, Северная Осетия - Алания, Ставрополье, Краснодарский край, Карачаево-Черкесия, Кабардино-Балкария, Адыгея
e Сведения, относящиеся к заглавию уникальные детские карты]
e Сведения, относящиеся к заглавию для младшего и среднего школьного возраста
f Первые сведения об ответственности текст Евгении Вязниковой
g Последующие сведения об ответственности иллюстрации Татьяны Галановой
203 Вид содержания и тип средства __
a Вид содержания Текст
a Вид содержания Изображение
c Тип средства непосредственные
210 Выходные данные 1_
a Место издания Москва
c Издательство Аванта
c Издательство АСТ
d Дата издания 2024
215 Физическое описание __
a Объем 151, [9] с.
c Иллюстрации/тип воспроизводства цв. ил., карты
d Формат 26 см
225 Серия 1_
a Серия Энциклопедия-путеводитель для детей
330 Аннотация __
a Аннотация Приглашаем взрослых и детей в путешествие по Северному Кавказу. Горы, море, достопримечательности городов, музеи и памятники, прекрасные растения и животные встретятся нам на пути. Полезная информация, исторические справки, интересные рассказы, задания для детей и, конечно же, фотографии и уникальные детские карты помогут лучше узнать замечательные места Кавказа. Узнавай свою страну, путешествуя с энциклопедией-путеводителем!
606 Тематические рубрики __
2 Код системы nlr_sh
a Основная рубрика География
606 Тематические рубрики __
2 Код системы nlr_sh
a Основная рубрика Краеведение
y Географическая подрубрика Кавказ
y Географическая подрубрика Дагестан
y Географическая подрубрика Чечня
y Географическая подрубрика Ингушетия
y Географическая подрубрика Северная Осетия
y Географическая подрубрика Алания
y Географическая подрубрика Ставрополье
y Географическая подрубрика Краснодарский край
y Географическая подрубрика Карачаево-Черкесия
y Географическая подрубрика Кабардино-Балкария
y Географическая подрубрика Адыгея
610 Ключевые слова 0_
a Ключевые слова детская литература
610 Ключевые слова 0_
a Ключевые слова русская литература
610 Ключевые слова 0_
a Ключевые слова страноведение для детей
610 Ключевые слова 0_
a Ключевые слова познавательная литература
610 Ключевые слова 0_
a Ключевые слова развивающая литература
610 Ключевые слова 0_
a Ключевые слова достопримечательности
610 Ключевые слова 0_
a Ключевые слова музеи
610 Ключевые слова 0_
a Ключевые слова памятники
610 Ключевые слова 0_
a Ключевые слова исторические сведения
610 Ключевые слова 0_
a Ключевые слова путешествия
610 Ключевые слова 0_
a Ключевые слова традиционные костюмы
610 Ключевые слова 0_
a Ключевые слова традиционная кухня
610 Ключевые слова 0_
a Ключевые слова животные Кавказа
686 Индексы других классификаций __
a Классификационный индекс мл26.8я2
2 Код системы rubbks
700 Автор _1
a Фамилия Вязникова
b Имя Е. В.
g Полное личное имя Евгения Владиславовна
4 Код отношения 070
702 Вторичная интеллектуальная ответственность _1
a Фамилия Галанова
b Имя Т. В.
g Полное личное имя Татьяна Вячеславовна
4 Код отношения 440
801 Источник записи _0
a Страна RU
b Организация NLR
c Дата составления 20240327
g Правила каталогизации PSBO
801 Источник записи _1
a Страна RU
b Организация NLR
c Дата составления 20240327
g Правила каталогизации PSBO
801 Источник записи _2
a Страна RU
b Организация NLR
c Дата составления 20240501
2 Код формата rusmarc
g Правила каталогизации PSBO
852 Данные о местонахождении __
i Авторский знак В 99
j Шифр хранения мл26.8я2
900 Макрообъекты __
a Макрообъекты Кавказ. Вязникова, Е. В.,2024
901 Тип документа __
a Ответственный ООФиК/Волкова
t Тип документа m
903 Характеристики (МАРС) __
a Дата передачи 20240913
c Наименование библиотеки (МАРС) Муниципальное бюджетное учреждение культуры "Централизованная библиотечная система" г. Сургут (Центральная городская библиотека им. А. С. Пушкина)
969 Тип издания __
a Тип издания издание для детей
a Тип издания энциклопедия
a Тип издания научно-популярное издание
a Тип издания путеводитель
990 Данные о заказе (DOS) __
j Количество экземпляров (DOS) 1
t N записи в КСУ для И/У (DOS) 202410